000 00634nam a22001937a 4500
005 20251108165404.0
008 250721s1987 xx 000 0 ara d
082 1 4 _aم/922.173/أسن
100 1 _aالأسنوي، جمال الدين أبو محمد عبد الرحيم ... الأموي
245 1 0 _aطبقات الشافعية /
264 1 _aبيروت :
_bدار الكتب العلمية،
_c1987.
300 _a
650 1 7 _aالفقهاء
650 1 7 _aالتراجم
650 1 7 _aالمذاهب الإسلامية
700 1 _aالحوت، كمال يوسف
_eتحقيق
942 _2ddc
_cREF
999 _c26716
_d26716